Представление документа в формате RUSMARC

ПолеНазваниеЗначение
  Тип записи a
  Библиографический уровень a
001 Контрольный номер RU/CBS_UL/BASE/7f7a424db9664d32a909a391ce611a03
005 Дата корректировки 20240219110750.9
100 Данные общей обработки __
a Данные общей обработки 20240219 ||| 0rusy0189 ca
101 Язык документа 0_
a Язык текста rus
102 Страна публикации __
a Страна публикации RU
200 Заглавие и сведения об ответственности 1_
a Заглавие Дети у экрана
e Сведения, относящиеся к заглавию [как гаджеты влияют на детей]
300 Общие примечания __
a Общие примечания 16+
461 Уровень набора _0
1 2000
a Здоровье
463 Уровень физической единицы _0
1 2000
a № 12
v С. 44-47
1 2101
d 2023
1 001RU/CBS_UL/BASE/8e7ce4ecc75d436491d4e188ca649b7c
606 Тематические рубрики 0_
a Основная рубрика Гаджеты - Психология восприятия у детей
610 Ключевые слова 0_
a Ключевые слова гаджеты (зависимость)
610 Ключевые слова 0_
a Ключевые слова детские зависимости
610 Ключевые слова 0_
a Ключевые слова интернет-зависимость
610 Ключевые слова 0_
a Ключевые слова онлайн-игры
610 Ключевые слова 0_
a Ключевые слова интернет и дети
610 Ключевые слова 0_
a Ключевые слова компьютерные игры
610 Ключевые слова 0_
a Ключевые слова детская психология
686 Индексы других классификаций __
a Классификационный индекс 88.5
801 Источник записи _0
a Страна RU
b Организация МБУК ЦБС г. Ульяновска
c Дата составления 20240219
g Правила каталогизации RCR
801 Источник записи _1
a Страна RU
b Организация МБУК ЦБС г. Ульяновска
c Дата составления 20240219
g Правила каталогизации RCR
901 Тип документа __
t Тип документа b
w Контрольный № источника RU/CBS_UL/BASE/8e7ce4ecc75d436491d4e188ca649b7c